000 00548nam a2200229 a 4500
001 nice12345678
003 IN_TiNIC
005 20260116015340.0
008 100205s2009 hyda grp 000 0 eng
020 _a
_c100
082 0 0 _a297.7
_bIMR
100 _aImran,
245 _aCalling to Islam
_b Mission of the Prophets
260 _aHyderabad
_bPace Graphics
_c2009
300 _a407p
500 _aincludes index and biblioraphy
650 _aDawah-Islam
700 1 _aImran,
902 _bSRS
942 _cBK
999 _c19331
_d19331